000 00629nam a22002057a 4500
003 BD-DhJNU
005 20250212091146.0
008 250212b |||||||| |||| 00| 0 eng d
020 _a0201108585
040 _aBD-DhJNU
_beng
_cBD-DhJNU
_dBD-DhJNU
082 _223
_a070.43
100 _aWeir, David
245 _aRaising hell :
_bhow the Center for Investigative Reporting gets the story /
_cDavid Weir and Dan Noyes
260 _aLondon :
_bAddison-Wesley Pub. Co.,
_c1983.
300 _axii, 340 p. :
_c24 cm.
504 _aincludes index
650 _aInvestigative reporting
700 _aNoyes, Dan
942 _2ddc
_cBK
_n0
999 _c1315
_d1315